00249nam a2200097 a 4500008004100000050001500041100002000056245003000076246003600106350000900142120416s9999 xx |||||||||||||| || u aTS 171 Pap aPapanek, Victor10aDesign for the real world ahuman ecology and social change a0.00